[Felicitació de Nadal]
Descripción Física:
1 f. : il. col. ; 10 x 42 cm plegat 10 x 21 cm
MARC
| LEADER | 00000nam a2200000Ia 4500 | ||
|---|---|---|---|
| 001 | 24006 | ||
| 008 | 160829s2012 xx 000 0 cat d | ||
| 080 | |a FU-62-127 | ||
| 245 | |a [Felicitació de Nadal] | ||
| 260 | |a [Barcelona] : |b Diputació de Barcelona, |c 2012 | ||
| 300 | |a 1 f. : |b il. col. ; |c 10 x 42 cm plegat 10 x 21 cm | ||
| 590 | |a Felicitació de Nadal del President de la Diputació de Barcelona, Salvador Esteve i Figueras, per l'any 2013 | ||
| 650 | 0 | |a Nadales (Arts gràfiques) |z Barcelona (Catalunya : Província) |9 49207 | |
| 710 | 1 | |a Barcelona (Catalunya : Província). |b Diputació |9 52408 | |
| 901 | |a Arxiu | ||
| 942 | |n 1 | ||
| 952 | |0 0 |1 0 |4 0 |6 FU62127 |7 1 |9 55171 |a Arxiu |b Arxiu |d 2016-12-01 |l 0 |o FU-62-127 |p 24006 |r 2016-12-01 00:00:00 |w 2016-12-01 |y ARXIU | ||
| 999 | |c 59043 |d 59043 | ||